| 000 | 00363nam a2200157Ia 4500 | ||
|---|---|---|---|
| 008 | 230917s9999||||xx |||||||||||||| ||und|| | ||
| 040 |
_e204398 _aMAIN |
||
| 041 | _aEnglish | ||
| 082 | _a346.0922 S26T(20) | ||
| 100 | _aSEBI | ||
| 245 | 0 | _aSebi manual. 2 Vols. | |
| 250 | _a20th ed. | ||
| 260 |
_aNew Delhi _bTaxmann _c2012 |
||
| 300 | _av.. p. | ||
| 942 | _cBK | ||
| 999 |
_c171999 _d171999 |
||